Statistiques concernant Les 34 communes de la Martinique

Cliquez ici pour prendre le quiz!

Statistiques générales

  • Ce quiz a été pris 739 fois
  • Le résultat moyen est 24 sur 34

Statistiques - réponses

HintRéponse% Correct
10Fort-de-France
97%
14Lamentin
92%
30Saint-Pierre
86%
32Trinité
80%
11François
79%
18Marin
78%
33Trois-Îlets
78%
8Ducos
77%
24Robert
77%
7Diamant
76%
25Sainte-Anne
76%
19Morne-Rouge
75%
31Schoelcher
75%
5Carbet
74%
23Rivière-Salée
74%
26Sainte-Luce
74%
27Sainte-Marie
74%
13Gros-Morne
71%
22Rivière-Pilote
71%
34Vauclin
71%
29Saint-Joseph
70%
20Morne-Vert
67%
6Case Pilote
65%
1Ajoupa-Bouillon
63%
12Grand-Rivière
63%
28Saint-Esprit
63%
15Lorrain
62%
16Macouba
60%
17Marigot
59%
4Bellefontaine
58%
21Prêcheur
58%
2Anses d'Arlet
55%
3Basse-Pointe
55%
9Fonds-Saint-Denis
47%

Distribution des résultats

Percentile par nombre de réponses

% des personnes avec chaque résultat

Votre développement - résultats

Vous n’avez pas pris ce quiz